Missing Word: Double Letter TV Shows II Quiz Stats

 Plays Quiz Updated Jul 22, 2019

Score 0/16 Timer 04:00
2 Plays Today
TV Show Missing Word % Correct
Who Wants to Be a ___Millionaire
96.5%
Downton ___Abbey
95.8%
Sabrina, the ___ WitchTeenage
94.9%
The Dukes of ___Hazzard
94.7%
___ of FortuneWheel
93.9%
___ in the FamilyAll
92.6%
American ___ StoryHorror
89.2%
King of the ___Hill
88.3%
TV Show Missing Word % Correct
Star Trek: ___ Space NineDeep
85.3%
___ DaysHappy
78.3%
The New ___ MasonPerry
77.2%
Undercover ___Boss
70.9%
Family ___Matters
62.2%
___ 222Room
56.1%
The ___ Thomas ShowDanny
55.6%
Headbangers ___Ball
46.4%

Today's Daily Dose

Missing Word
Banned Books (A-Z)

Word Ladder
Janis Joplin

Get the Picture
Occupations

You're not logged in!

Compare scores with friends on all Sporcle quizzes.
OR
Log In

Sporcle TV

Today on Sporcle TV


Watch our educational content, quiz creation guides, and fun videos on Sporcle TV.

Show Comments

Extras

Top Quizzes Today


Score Distribution

Your Account Isn't Verified!

In order to create a playlist on Sporcle, you need to verify the email address you used during registration. Go to your Sporcle Settings to finish the process.

Report this User

Report this user for behavior that violates our Community Guidelines.

Details: